000 01198cad a22002295a 4500
001 E150854
008 101215s2010 xxk f l s000 0 eng d
035 _a(Sirsi) u151854
041 0 _aeng
110 2 _aScotland
_kLaws, etc
245 0 4 _aThe Town and Country Planning (Tree Preservation Order and Trees in Conservation Areas) (Scotland) Regulations 2010
_h[electronic resource]
260 _aEdinburgh
_bScottish Government
_c2010
490 0 _aScottish Statutory Instrument
_v2010: 434
520 _aThese Regulations concern the making of tree preservation orders under the Town and Country Planning (Scotland) Act 1997 S160. They replace and revoke the Town and Country Planning (Tree Preservation Order and Trees in Conservation Areas) (Scotland) Regulations 1975. Comes into force 1 February 2011.
521 _aAdvanced
590 _aKA
650 2 4 _aTOWN AND COUNTRY PLANNING (TREE PRESERVATION ORDER AND TREES IN CONSERVATION AREAS) (SCOTLAND) REGULATIONS 2010
651 4 _aScotland
_y1999-
690 _aPlanning and development
_96259
856 4 0 _uhttps://www.legislation.gov.uk/ssi/2010/434/contents/made
_zView the SI free of charge at www.legislation.gov.uk
942 _n0
999 _c111674
_d111674